The world's master paintings from the early Renaissance to the Present Day: Vol.1
This book lists the publicly available paintings of a wide selection of painters from the Early Renaissance to the Present Day
Uloženo v:
| Hlavní autor: | |
|---|---|
| Médium: | Kniha |
| Jazyk: | Undetermined |
| Vydáno: |
London
Routledge
1992
|
| Témata: | |
| Tagy: |
Přidat tag
Žádné tagy, Buďte první, kdo otaguje tento záznam!
|
| Thư viện lưu trữ: | Trung tâm Học liệu Trường Đại học Cần Thơ |
|---|
| LEADER | 00681nam a2200193Ia 4500 | ||
|---|---|---|---|
| 001 | CTU_18582 | ||
| 008 | 210402s9999 xx 000 0 und d | ||
| 082 | |a 750 | ||
| 082 | |b W948/Vol.1 | ||
| 100 | |a Christopher Wright (1945- | ||
| 245 | 4 | |a The world's master paintings from the early Renaissance to the Present Day: Vol.1 | |
| 245 | 0 | |c Christopher Wright (1945- | |
| 260 | |a London | ||
| 260 | |b Routledge | ||
| 260 | |c 1992 | ||
| 520 | |a This book lists the publicly available paintings of a wide selection of painters from the Early Renaissance to the Present Day | ||
| 650 | |a paintings | ||
| 904 | |i Minh, 970920 | ||
| 980 | |a Trung tâm Học liệu Trường Đại học Cần Thơ | ||